Verifying β-Convergence for Chosen Regions of Indonesia
Definícia β-konvergencie. Overenie konvergencie metódou najmenších štvorcov pre 11 vybraných regiónov Indonézie v období 2012-2015. Použité premenné: HDP na obyvateľa a priemerná mzda na obyvateľa.
Enregistré dans:
| Auteur principal: | |
|---|---|
| Format: | Chapitre de livre |
| Langue: | anglais |
| Sujets: | |
| Tags: |
Pas de tags, Soyez le premier à ajouter un tag!
|
MARC
| LEADER | 00000nla a2200000 4500 | ||
|---|---|---|---|
| 001 | 0247634 | ||
| 005 | 20240502083700.6 | ||
| 041 | 0 | |a eng | |
| 044 | |a ID | ||
| 245 | 1 | 0 | |a Verifying β-Convergence for Chosen Regions of Indonesia |c Michaella Blaško |
| 520 | |a Definícia β-konvergencie. Overenie konvergencie metódou najmenších štvorcov pre 11 vybraných regiónov Indonézie v období 2012-2015. Použité premenné: HDP na obyvateľa a priemerná mzda na obyvateľa. | ||
| 610 | 2 | 0 | |a konvergencia |
| 610 | 2 | 0 | |a regióny |
| 610 | 2 | 0 | |a disparita |
| 610 | 2 | 0 | |a produkt domáci hrubý |
| 610 | 2 | 0 | |a mzdy priemerné |
| 610 | 2 | 0 | |a metóda štvorcov najmenších |
| 610 | 2 | 0 | |a modely |
| 610 | 2 | 0 | |a Indonézia |
| 100 | 1 | |a Blaško, Michaela | |